[Event "26. Copenhagen Open  (Politiken Cup)"]
[Site "Taastrup"]
[Date "2004.07.25"]
[Round "2"]
[White "Hansen, Herluf"]
[Black "Christensen, Aage Niels"]
[Result "0-1"]
[WhiteElo "2028"]
[BlackElo "1554"]
[PlyCount "80"]
[EventDate "2004.07.24"]
[EventType "swiss"]
[EventRounds "10"]
[EventCountry "DEN"]
[SourceDate "2004.01.01"]

1. d4 Nf6 2. c4 e6 3. Nf3 b6 4. a3 a5 5. Nc3 Bb7 6. Qc2 Be7 7. e4 d6 8. Bd3
Nfd7 9. b3 e5 10. d5 O-O 11. Rb1 Re8 12. O-O Nf8 13. Nd1 Nbd7 14. b4 axb4 15.
axb4 Ng6 16. g3 h6 17. Ne3 Bc8 18. Nf5 Bf8 19. Bb2 Ne7 20. Nxe7+ Bxe7 21. Nd2
Nf6 22. c5 Bd7 23. Ra1 Rxa1 24. Rxa1 Qb8 25. cxd6 Bxd6 26. Qb3 Qd8 27. Nc4 Qe7
28. Ra7 Bxb4 29. Rxc7 Bc5 30. Rb7 Ng4 31. Be2 Nxf2 32. Ne3 Nxe4 33. Bf3 Nd2 34.
Qd3 Nxf3+ 35. Kh1 e4 36. Qb3 Qd6 37. Bc1 Bxe3 38. Bxe3 Rb8 39. Rxb8+ Qxb8 40.
Bxb6 Kh7 0-1

[Event "26. Copenhagen Open  (Politiken Cup)"]
[Site "Taastrup"]
[Date "2004.07.25"]
[Round "2"]
[White "Hansen, John Laurids"]
[Black "Marder, Simon"]
[Result "1/2-1/2"]
[WhiteElo "1688"]
[BlackElo "2054"]
[PlyCount "123"]
[EventDate "2004.07.24"]
[EventType "swiss"]
[EventRounds "10"]
[EventCountry "DEN"]
[SourceDate "2004.01.01"]

1. e4 d5 2. exd5 Qxd5 3. Nc3 Qa5 4. d4 Nf6 5. Nf3 c6 6. Bd2 Qb6 7. Bc4 Bf5 8.
Bb3 e6 9. O-O Bg4 10. Be3 Qc7 11. Qe2 Bxf3 12. Qxf3 Bd6 13. h3 Nbd7 14. Rfe1
O-O 15. Rad1 a6 16. Ne4 Nxe4 17. Qxe4 Nf6 18. Qf3 b5 19. c3 a5 20. a3 c5 21.
dxc5 Bxc5 22. Bf4 Qb6 23. Be5 Be7 24. Bc2 Rfd8 25. Qg3 Rxd1 26. Rxd1 Rd8 27.
Bd4 Qb8 28. Qxb8 Rxb8 29. Be5 Rb7 30. Rd4 Kf8 31. g3 Ke8 32. Kg2 g6 33. Kf3 Nd7
34. Bd6 e5 35. Rd5 Bxd6 36. Rxd6 Rb6 37. Rd5 f5 38. Ke3 Ke7 39. Bd3 b4 40. Bb5
bxa3 41. bxa3 Nf6 42. Rxe5+ Kd6 43. f4 Nd5+ 44. Kd4 Rxb5 45. c4 Rb3 46. Rxd5+
Kc6 47. Rxa5 Rxg3 48. c5 Rxh3 49. Ra6+ Kb7 50. Rb6+ Kc7 51. a4 Rf3 52. Ke5 Ra3
53. Rb4 Kc6 54. Kd4 Rf3 55. Rb6+ Kc7 56. Ke5 Rd3 57. Rd6 Re3+ 58. Kf6 Rc3 59.
Kg7 Rxc5 60. Rf6 Ra5 61. Kxh7 Rxa4 62. Kxg6 1/2-1/2

[Event "26. Copenhagen Open  (Politiken Cup)"]
[Site "Taastrup"]
[Date "2004.07.25"]
[Round "2"]
[White "Hansen, Torbjorn Ringdal"]
[Black "Andersen, Rune Egede"]
[Result "1-0"]
[WhiteElo "2346"]
[BlackElo "2092"]
[PlyCount "47"]
[EventDate "2004.07.24"]
[EventType "swiss"]
[EventRounds "10"]
[EventCountry "DEN"]
[SourceDate "2004.01.01"]

1. c4 Nf6 2. Nc3 e6 3. e4 d5 4. e5 d4 5. exf6 dxc3 6. bxc3 Qxf6 7. d4 e5 8. Nf3
exd4 9. Bg5 Qe6+ 10. Be2 Be7 11. Bxe7 Qxe7 12. cxd4 Qb4+ 13. Nd2 Bf5 14. O-O
O-O 15. Nb3 Nc6 16. d5 Ne5 17. Nd4 Bg6 18. Rc1 Rad8 19. f4 Nc6 20. Nxc6 bxc6
21. f5 cxd5 22. fxg6 dxc4 23. gxf7+ Kh8 24. Qc2 1-0

[Event "26. Copenhagen Open  (Politiken Cup)"]
[Site "Taastrup"]
[Date "2004.07.25"]
[Round "2"]
[White "Hartvig, Ove Weiss"]
[Black "Werner, Gert"]
[Result "1/2-1/2"]
[WhiteElo "2270"]
[BlackElo "2085"]
[PlyCount "119"]
[EventDate "2004.07.24"]
[EventType "swiss"]
[EventRounds "10"]
[EventCountry "DEN"]
[SourceDate "2004.01.01"]

1. e4 g6 2. Nc3 Bg7 3. g3 c5 4. Bg2 Nc6 5. d3 d6 6. f4 e5 7. Nf3 Nge7 8. O-O
O-O 9. f5 gxf5 10. Nh4 f4 11. gxf4 exf4 12. Bxf4 Ng6 13. Nf5 Bxf5 14. exf5 Nxf4
15. Rxf4 Qg5 16. Nd5 Bd4+ 17. Kh1 Kh8 18. Rg4 Qh6 19. Rg3 Rg8 20. Rh3 Qg5 21.
Be4 f6 22. Rh5 Qg4 23. Bf3 Qg7 24. Nf4 Ne7 25. Ne6 Qf7 26. Nxd4 cxd4 27. Qd2
Rg5 28. Rxg5 fxg5 29. Qxg5 Qxf5 30. Qxf5 Nxf5 31. Be4 Ne3 32. c3 d5 33. Bg2
Nxg2 34. Kxg2 dxc3 35. bxc3 Rc8 36. Rc1 Kg7 37. Kf3 Kf6 38. Ke3 Rg8 39. Rf1+
Ke6 40. Rf2 b6 41. a4 Rg4 42. a5 bxa5 43. Ra2 Rh4 44. Rxa5 Rxh2 45. Kd4 Rh4+
46. Kc5 Rh3 47. Ra6+ Kd7 48. Rxa7+ Ke6 49. Ra6+ Ke7 50. Kd4 Kd7 51. Rb6 Kc7 52.
Rf6 Kd7 53. Rf5 Kc6 54. Rf6+ Kd7 55. Rf4 Kd6 56. c4 dxc4 57. dxc4 Rh1 58. c5+
Kc6 59. Rf6+ Kc7 60. Rf7+ 1/2-1/2

[Event "26. Copenhagen Open  (Politiken Cup)"]
[Site "Taastrup"]
[Date "2004.07.25"]
[Round "2"]
[White "Holm, Sejer"]
[Black "Bindzus, Niels"]
[Result "1-0"]
[WhiteElo "2296"]
[BlackElo "2011"]
[PlyCount "91"]
[EventDate "2004.07.24"]
[EventType "swiss"]
[EventRounds "10"]
[EventCountry "DEN"]
[SourceDate "2004.01.01"]

1. d4 Nf6 2. c4 g6 3. Nc3 Bg7 4. e4 d6 5. h3 O-O 6. Bg5 h6 7. Be3 e5 8. d5 Nbd7
9. Nf3 Kh7 10. g4 Nc5 11. Nd2 a5 12. Be2 Ng8 13. Nb3 b6 14. Nxc5 bxc5 15. h4 f5
16. gxf5 gxf5 17. exf5 Bxf5 18. Bd3 Qd7 19. Qc2 Bxd3 20. Qxd3+ Qf5 21. Ne4 Kh8
22. O-O-O Nf6 23. Nxf6 Rxf6 24. Qxf5 Rxf5 25. Rdg1 Rb8 26. Rg6 e4 27. b3 Rf6
28. Rhg1 Rxg6 29. Rxg6 a4 30. Kc2 axb3+ 31. axb3 Ra8 32. Re6 Ra2+ 33. Kd1 Be5
34. h5 Rb2 35. Rxh6+ Kg7 36. Rg6+ Kf7 37. Rg4 Rxb3 38. Rxe4 c6 39. dxc6 Rb6 40.
Bxc5 Rxc6 41. Be3 Ke6 42. h6 Kf5 43. Rh4 Rc7 44. Ke2 Bf6 45. h7 Bh8 46. Kd3 1-0

[Event "26. Copenhagen Open  (Politiken Cup)"]
[Site "Taastrup"]
[Date "2004.07.25"]
[Round "2"]
[White "Holstein, Erik"]
[Black "Bromann, Thorbjorn"]
[Result "1/2-1/2"]
[WhiteElo "2103"]
[BlackElo "2348"]
[PlyCount "83"]
[EventDate "2004.07.24"]
[EventType "swiss"]
[EventRounds "10"]
[EventCountry "DEN"]
[SourceDate "2004.01.01"]

1. e4 e6 2. d4 d5 3. Nd2 c5 4. exd5 Qxd5 5. Ngf3 cxd4 6. Bc4 Qd6 7. O-O Nf6 8.
Nb3 Nc6 9. Nbxd4 Nxd4 10. Nxd4 a6 11. c3 Qc7 12. Bb3 Bd6 13. h3 O-O 14. Bg5 Ne4
15. Be3 e5 16. Nf3 Bd7 17. Qc2 Bc6 18. Rad1 Nf6 19. Qe2 Rfe8 20. Rd2 Qe7 21.
Rfd1 Bc7 22. Ng5 Rf8 23. Qc4 e4 24. Qc5 Qe8 25. Qf5 Be5 26. h4 g6 27. Qh3 Kg7
28. h5 Nxh5 29. Nxh7 Rh8 30. Bxf7 Kxf7 31. Ng5+ Kf6 32. Rd8 Qe7 33. Rxa8 Rxa8
34. g4 Rh8 35. gxh5 Rxh5 36. Qg4 Kg7 37. Ne6+ Kf6 38. Bg5+ Rxg5 39. Nxg5 Kg7
40. Ne6+ Kf6 41. Ng5 Kg7 42. Rd8 1/2-1/2

[Event "26. Copenhagen Open  (Politiken Cup)"]
[Site "Taastrup"]
[Date "2004.07.25"]
[Round "2"]
[White "Hyldkrog, Lars"]
[Black "Olsen, Peter Erik"]
[Result "1/2-1/2"]
[WhiteElo "2080"]
[BlackElo "2243"]
[PlyCount "33"]
[EventDate "2004.07.24"]
[EventType "swiss"]
[EventRounds "10"]
[EventCountry "DEN"]
[SourceDate "2004.01.01"]

1. e4 d5 2. exd5 Qxd5 3. Nc3 Qa5 4. Bc4 Nf6 5. h3 c5 6. d3 e6 7. Bf4 Be7 8. Nf3
O-O 9. O-O a6 10. a4 Nc6 11. Re1 Bd7 12. Ne4 Rad8 13. Qe2 Nd4 14. Nxd4 cxd4 15.
Nd2 Bxa4 16. Bxe6 Qb4 17. Bb3 1/2-1/2

[Event "26. Copenhagen Open  (Politiken Cup)"]
[Site "Taastrup"]
[Date "2004.07.25"]
[Round "2"]
[White "Jaeger, Frode Bull"]
[Black "Hyldkrog, Mikkel"]
[Result "1-0"]
[WhiteElo "2035"]
[BlackElo "1591"]
[PlyCount "55"]
[EventDate "2004.07.24"]
[EventType "swiss"]
[EventRounds "10"]
[EventCountry "DEN"]
[SourceDate "2004.01.01"]

1. c4 Nf6 2. Nc3 e6 3. e4 Nc6 4. d4 d5 5. exd5 exd5 6. Nf3 Bg4 7. Be3 Be7 8.
Be2 O-O 9. O-O Re8 10. Rc1 Qd7 11. Ne5 Nxe5 12. dxe5 Bxe2 13. Qxe2 Ne4 14. Nxd5
c6 15. Nxe7+ Qxe7 16. Bd4 Nf6 17. f4 Nd7 18. Qf2 c5 19. Bc3 Nb6 20. b3 Qc7 21.
Rcd1 Nd7 22. Rd3 Rad8 23. Rfd1 b6 24. Qd2 Re7 25. Rd6 Kf8 26. f5 Ke8 27. e6
fxe6 28. fxe6 1-0

[Event "26. Copenhagen Open  (Politiken Cup)"]
[Site "Taastrup"]
[Date "2004.07.25"]
[Round "2"]
[White "Jakobsen, Ole"]
[Black "Jacobsen, Hans Endrup"]
[Result "1-0"]
[WhiteElo "2379"]
[BlackElo "2102"]
[PlyCount "65"]
[EventDate "2004.07.24"]
[EventType "swiss"]
[EventRounds "10"]
[EventCountry "DEN"]
[SourceDate "2004.01.01"]

1. d4 Nf6 2. c4 e6 3. Nc3 Bb4 4. e3 c5 5. Nge2 O-O 6. a3 Bxc3+ 7. Nxc3 d6 8.
Be2 Nc6 9. d5 exd5 10. cxd5 Ne7 11. e4 h6 12. O-O a6 13. a4 b6 14. Bf4 g5 15.
Be3 Ng6 16. Qd2 Ng4 17. Bxg4 Bxg4 18. f4 f6 19. Qd3 Kg7 20. h3 Bd7 21. Ne2 b5
22. Ng3 gxf4 23. Bxf4 Nxf4 24. Rxf4 Qe8 25. axb5 Qe5 26. Rxa6 Qxb2 27. Nh5+ Kh8
28. Rxf6 Qc1+ 29. Kh2 Rg8 30. Rxa8 Rxa8 31. Qg3 Rg8 32. Rf8 Qg5 33. Qc3+ 1-0

[Event "26. Copenhagen Open  (Politiken Cup)"]
[Site "Taastrup"]
[Date "2004.07.25"]
[Round "2"]
[White "Jensen, Alexander Lindberg"]
[Black "Lauritsen, Martin Lee"]
[Result "0-1"]
[WhiteElo "1567"]
[BlackElo "2040"]
[PlyCount "50"]
[EventDate "2004.07.24"]
[EventType "swiss"]
[EventRounds "10"]
[EventCountry "DEN"]
[SourceDate "2004.01.01"]

1. d4 Nf6 2. Nf3 g6 3. g3 Bg7 4. Bg2 O-O 5. O-O d6 6. Re1 Nbd7 7. c3 c6 8. Nbd2
Qc7 9. Nb3 a5 10. a4 e5 11. dxe5 dxe5 12. Qc2 Re8 13. e4 Bf8 14. h3 Nc5 15.
Nxc5 Bxc5 16. Be3 Bxe3 17. Rxe3 h6 18. Rd1 Be6 19. b4 Kg7 20. Re2 Nd7 21. Qb2
Nb6 22. bxa5 Nc4 23. Qb4 Rxa5 24. Rb1 b6 25. Nd2 c5 0-1

[Event "26. Copenhagen Open  (Politiken Cup)"]
[Site "Taastrup"]
[Date "2004.07.25"]
[Round "2"]
[White "Jensen, Brian W"]
[Black "Andersen, Rune"]
[Result "0-1"]
[WhiteElo "1623"]
[BlackElo "2042"]
[PlyCount "48"]
[EventDate "2004.07.24"]
[EventType "swiss"]
[EventRounds "10"]
[EventCountry "DEN"]
[SourceDate "2004.01.01"]

1. e4 c5 2. Nc3 Nc6 3. f4 g6 4. Nf3 Bg7 5. Bc4 e6 6. O-O Nge7 7. d3 O-O 8. Be3
d5 9. exd5 exd5 10. Nxd5 Nxd5 11. Bxc5 Re8 12. Ng5 Nd4 13. Ne4 Ne3 14. Nd6 Nxd1
15. Nxf7 Be6 16. Nxd8 Raxd8 17. Raxd1 b6 18. Bxe6+ Rxe6 19. Bxd4 Bxd4+ 20. Kh1
Bxb2 21. Rfe1 Rde8 22. Rxe6 Rxe6 23. c4 Re2 24. g3 Bd4 0-1

[Event "26. Copenhagen Open  (Politiken Cup)"]
[Site "Taastrup"]
[Date "2004.07.25"]
[Round "2"]
[White "Jensen, Leif"]
[Black "Manley, Christian"]
[Result "0-1"]
[WhiteElo "2057"]
[BlackElo "1670"]
[PlyCount "112"]
[EventDate "2004.07.24"]
[EventType "swiss"]
[EventRounds "10"]
[EventCountry "DEN"]
[SourceDate "2004.01.01"]

1. e4 c5 2. f4 d5 3. e5 Nc6 4. c3 d4 5. d3 Nh6 6. Nd2 Bf5 7. Ne4 Bxe4 8. dxe4
dxc3 9. Qxd8+ Rxd8 10. bxc3 Kd7 11. Nf3 e6 12. h3 Be7 13. Be3 b6 14. g4 Rhf8
15. f5 Ng8 16. g5 f6 17. exf6 gxf6 18. h4 Bd6 19. Bc4 exf5 20. exf5 Ne5 21.
Nxe5+ Bxe5 22. O-O-O+ Kc7 23. Kc2 Ne7 24. Bd3 Nd5 25. Bd2 Bf4 26. Bc4 Bxd2 27.
Bxd5 Rxd5 28. Rxd2 Rxf5 29. Re1 Rf7 30. gxf6 R5xf6 31. Re4 Rf4 32. Rde2 Rxe4
33. Rxe4 Kd6 34. Rg4 b5 35. Rg5 a6 36. Rh5 a5 37. Kd3 Rf3+ 38. Ke4 Rxc3 39.
Rh6+ Ke7 40. Rxh7+ Kf6 41. Kd5 a4 42. Ra7 a3 43. Ra6+ Kg7 44. h5 b4 45. h6+ Kh7
46. Ke4 Rc2 47. Kf5 Rxa2 48. Kg5 Rg2+ 49. Kh5 c4 50. Ra7+ Kh8 51. h7 Rg7 52.
Ra4 Rxh7+ 53. Kg6 Rg7+ 54. Kh6 b3 55. Ra8+ Rg8 56. Ra7 Rd8 0-1

[Event "26. Copenhagen Open  (Politiken Cup)"]
[Site "Taastrup"]
[Date "2004.07.25"]
[Round "2"]
[White "Jensen, Mads"]
[Black "Sandbech, Ted"]
[Result "1-0"]
[WhiteElo "1277"]
[BlackElo "1839"]
[PlyCount "113"]
[EventDate "2004.07.24"]
[EventType "swiss"]
[EventRounds "10"]
[EventCountry "DEN"]
[SourceDate "2004.01.01"]

1. d4 d5 2. c4 c6 3. Nf3 Nf6 4. Nc3 Bg4 5. Bg5 e6 6. Ne5 Bf5 7. e3 h6 8. Bh4
Be7 9. Bd3 Bxd3 10. Qxd3 dxc4 11. Qxc4 O-O 12. O-O Nbd7 13. f4 Nd5 14. Bxe7
Qxe7 15. Nxd5 exd5 16. Qe2 Nf6 17. g3 c5 18. dxc5 Qxc5 19. Rac1 Qb6 20. b4 Rac8
21. Qd3 Rfd8 22. Rxc8 Rxc8 23. Qd2 Ne4 24. Qd4 Qxd4 25. exd4 Rc3 26. Ra1 f6 27.
Nd7 b6 28. Nb8 Kf7 29. f5 Ke7 30. b5 Rc7 31. Nc6+ Kd7 32. Re1 a5 33. a4 Kc8 34.
g4 Kb7 35. Kg2 Rc8 36. Rc1 Re8 37. Re1 Kc7 38. h3 Kd7 39. h4 Nc3 40. Ra1 Re2+
41. Kf3 Ra2 42. Re1 Ne4 43. Rc1 Ra3+ 44. Kf4 Nd2 45. Nb8+ Kd8 46. Nc6+ Kc7 47.
g5 h5 48. gxf6 gxf6 49. Ne5+ Kb7 50. Rc6 fxe5+ 51. dxe5 Rxa4+ 52. Kg5 Nf3+ 53.
Kf6 Rxh4 54. e6 Nd4 55. e7 Re4 56. Re6 Nxe6 57. fxe6 1-0

[Event "26. Copenhagen Open  (Politiken Cup)"]
[Site "Taastrup"]
[Date "2004.07.25"]
[Round "2"]
[White "Jensen, Paul Johan"]
[Black "Tadjerbashi, Amir"]
[Result "0-1"]
[WhiteElo "1358"]
[BlackElo "2095"]
[PlyCount "52"]
[EventDate "2004.07.24"]
[EventType "swiss"]
[EventRounds "10"]
[EventCountry "DEN"]
[SourceDate "2004.01.01"]

1. c4 Nf6 2. g3 c6 3. Bg2 d5 4. cxd5 cxd5 5. d4 Bf5 6. Bf4 Nc6 7. e3 Qa5+ 8.
Nc3 Nb4 9. Kf1 e6 10. a3 Nd3 11. b4 Qa6 12. Qa4+ Qxa4 13. Nxa4 Ne4 14. Bxe4
dxe4 15. h3 h5 16. Ne2 f6 17. h4 Rc8 18. Nc5 e5 19. dxe5 fxe5 20. Bg5 Bxc5 21.
bxc5 Rxc5 22. Ra2 Bg4 23. Ng1 Rc1+ 24. Kg2 Kd7 25. Rd2 Rhc8 26. f3 R8c2 0-1

[Event "26. Copenhagen Open  (Politiken Cup)"]
[Site "Taastrup"]
[Date "2004.07.25"]
[Round "2"]
[White "Johannessen, Leif Erlend"]
[Black "Dignam, Matthew"]
[Result "1-0"]
[WhiteElo "2538"]
[BlackElo "2144"]
[PlyCount "57"]
[EventDate "2004.07.24"]
[EventType "swiss"]
[EventRounds "10"]
[EventCountry "DEN"]
[SourceDate "2004.01.01"]

1. c4 c6 2. e4 d5 3. exd5 cxd5 4. cxd5 Qxd5 5. Nc3 Qa5 6. Nf3 Nf6 7. Bc4 e6 8.
O-O a6 9. d4 Bd6 10. d5 e5 11. Nxe5 Bxe5 12. Qe2 Nbd7 13. f4 Qc7 14. fxe5 Qxe5
15. Qxe5+ Nxe5 16. Re1 Nfd7 17. Bf4 f6 18. d6 b5 19. Be6 Kd8 20. Nd5 Nd3 21.
Bd2 a5 22. Nc7 Rb8 23. Bxa5 Nxe1 24. Na6+ Rb6 25. Nc5 Nc2 26. Rc1 Nd4 27. Bxd7
Bxd7 28. Bxb6+ Kc8 29. Nxd7+ 1-0

[Event "26. Copenhagen Open  (Politiken Cup)"]
[Site "Taastrup"]
[Date "2004.07.25"]
[Round "2"]
[White "Jorgensen, Dennis"]
[Black "Hansen, Lars Bo"]
[Result "0-1"]
[WhiteElo "2180"]
[BlackElo "2572"]
[PlyCount "92"]
[EventDate "2004.07.24"]
[EventType "swiss"]
[EventRounds "10"]
[EventCountry "DEN"]
[SourceDate "2004.01.01"]

1. d4 e6 2. Nf3 Nf6 3. g3 d5 4. Bg2 Be7 5. O-O b5 6. b3 O-O 7. c4 c6 8. Ne5 Bb7
9. Bb2 Nbd7 10. Nd2 Nxe5 11. dxe5 Nd7 12. Qc2 bxc4 13. bxc4 Ba6 14. Rfc1 Nb6
15. c5 Nc4 16. Bd4 Rb8 17. Nb3 f6 18. exf6 Bxf6 19. e3 e5 20. Bc3 e4 21. Rd1
Qe8 22. Nd4 Ne5 23. Qa4 Bd3 24. h3 Qd7 25. Rac1 Rf7 26. Be1 h5 27. Kh2 g6 28.
Rc3 Rbf8 29. Rb3 Bg7 30. Rb4 Kh7 31. Rd2 Nc4 32. Rd1 Ne5 33. Rd2 Nc4 34. Rd1
Rxf2 35. Bxf2 Rxf2 36. Rxc4 dxc4 37. Qxc6 Qxc6 38. Nxc6 Bf8 39. Nxa7 Bxc5 40.
Nb5 Bxe3 41. Kh1 Bd2 42. Kg1 e3 43. Nd4 e2 44. Nxe2 Rxe2 45. Bf1 Be3+ 46. Kh1
Be4+ 0-1

[Event "26. Copenhagen Open  (Politiken Cup)"]
[Site "Taastrup"]
[Date "2004.07.25"]
[Round "2"]
[White "Jorgensen, Gert"]
[Black "Bleis, Christian"]
[Result "0-1"]
[WhiteElo "2087"]
[BlackElo "2261"]
[PlyCount "82"]
[EventDate "2004.07.24"]
[EventType "swiss"]
[EventRounds "10"]
[EventCountry "DEN"]
[SourceDate "2004.01.01"]

1. d4 Nf6 2. c4 c5 3. d5 e6 4. Nc3 exd5 5. cxd5 d6 6. e4 g6 7. Bg5 Bg7 8. Bd3
O-O 9. Nge2 a6 10. a4 h6 11. Bd2 Ng4 12. Bf4 Ne5 13. Bc2 Nbd7 14. b3 Qe7 15.
O-O g5 16. Bg3 Ng6 17. Qd2 Nf6 18. f3 Nh5 19. Bf2 Nhf4 20. Rad1 Be5 21. Nxf4
gxf4 22. Kh1 Kh7 23. Ne2 Qf6 24. Qd3 b5 25. Be1 b4 26. Qd2 Rg8 27. Nc1 a5 28.
Bd3 Bd7 29. Bc4 Rg7 30. Nd3 Rag8 31. Nxe5 Nxe5 32. Bd3 Kh8 33. Rf2 Rg5 34. Bf1
Rh5 35. h3 Qg5 36. g4 fxg3 37. Qxg5 Rhxg5 38. f4 gxf2 39. Bxf2 Rh5 40. f5 f6
41. h4 Rg4 0-1

[Event "26. Copenhagen Open  (Politiken Cup)"]
[Site "Taastrup"]
[Date "2004.07.25"]
[Round "2"]
[White "Kaimer, Thomas"]
[Black "Barr, Steven"]
[Result "1-0"]
[WhiteElo "2237"]
[BlackElo "1712"]
[PlyCount "72"]
[EventDate "2004.07.24"]
[EventType "swiss"]
[EventRounds "10"]
[EventCountry "DEN"]
[SourceDate "2004.01.01"]

1. e4 e5 2. Nf3 Nc6 3. d4 exd4 4. c3 d3 5. Bxd3 d6 6. h3 Be7 7. O-O Nf6 8. Nbd2
O-O 9. Nd4 Ne5 10. Bc2 c5 11. Ne2 c4 12. f4 Nd3 13. Nxc4 Nxc1 14. Qxc1 b5 15.
Nd2 Qb6+ 16. Nd4 Bb7 17. Qe1 Rfe8 18. Qf2 d5 19. e5 Nd7 20. Kh1 Rac8 21. a3 a5
22. Qg3 Nf8 23. Nf5 g6 24. Nh6+ Kg7 25. f5 f6 26. fxg6 hxg6 27. Nf5+ Kg8 28.
Nxe7+ Rxe7 29. Rxf6 Rc6 30. Raf1 Rxf6 31. Rxf6 Re6 32. Rxe6 Qxe6 33. Nf3 Bc8
34. Nd4 Qf7 35. Qf3 Qb7 36. Bb3 Kg7 1-0

[Event "26. Copenhagen Open  (Politiken Cup)"]
[Site "Taastrup"]
[Date "2004.07.25"]
[Round "2"]
[White "Kallenbach, Uffe"]
[Black "Tandrup, Michael"]
[Result "0-1"]
[WhiteElo "1445"]
[BlackElo "1955"]
[PlyCount "40"]
[EventDate "2004.07.24"]
[EventType "swiss"]
[EventRounds "10"]
[EventCountry "DEN"]
[SourceDate "2004.01.01"]

1. d4 d5 2. Nf3 Nf6 3. c4 e6 4. Nc3 c6 5. Bg5 Nbd7 6. e3 Qa5 7. Bd3 dxc4 8.
Bxc4 Ne4 9. Bh4 Nxc3 10. bxc3 Qxc3+ 11. Nd2 Bb4 12. Rc1 Qxd2+ 13. Qxd2 Bxd2+
14. Kxd2 O-O 15. Be7 Re8 16. Bd6 e5 17. d5 cxd5 18. Bxd5 Nf6 19. Rc5 Nxd5 20.
Rxd5 Be6 0-1

[Event "26. Copenhagen Open  (Politiken Cup)"]
[Site "Taastrup"]
[Date "2004.07.25"]
[Round "2"]
[White "Korolev, Nikolaj"]
[Black "Rasmussen, Karsten"]
[Result "0-1"]
[WhiteElo "2148"]
[BlackElo "2470"]
[PlyCount "82"]
[EventDate "2004.07.24"]
[EventType "swiss"]
[EventRounds "10"]
[EventCountry "DEN"]
[SourceDate "2004.01.01"]

1. e4 c6 2. d4 d5 3. Nc3 dxe4 4. Nxe4 Bf5 5. Ng3 Bg6 6. h4 h6 7. Nf3 Nd7 8. h5
Bh7 9. Bd3 Bxd3 10. Qxd3 e6 11. Bf4 Ngf6 12. O-O-O Be7 13. Kb1 O-O 14. Ne5 Qa5
15. Ne4 Rad8 16. Nxf6+ Nxf6 17. Qe2 Qb6 18. c3 c5 19. Be3 Nd5 20. Ka1 Qc7 21.
f4 b5 22. Bc1 cxd4 23. Rxd4 b4 24. c4 Nb6 25. Rxd8 Rxd8 26. g4 Bf6 27. g5 hxg5
28. Ng4 Bd4 29. h6 Qxc4 30. Ne5 Bxe5 31. Qxe5 f6 32. Qe3 gxf4 33. Qf3 g6 34.
Rg1 Kh7 35. Bxf4 Qd3 36. Be3 Nd5 37. Rd1 Qf5 38. Qg3 Rd7 39. Bc5 Qc2 40. Rg1
Rc7 41. Be3 Qd3 0-1

[Event "26. Copenhagen Open  (Politiken Cup)"]
[Site "Taastrup"]
[Date "2004.07.25"]
[Round "2"]
[White "Larsen, Allan"]
[Black "Jorgensen, Mikkel"]
[Result "1-0"]
[WhiteElo "2158"]
[BlackElo "1680"]
[PlyCount "59"]
[EventDate "2004.07.24"]
[EventType "swiss"]
[EventRounds "10"]
[EventCountry "DEN"]
[SourceDate "2004.01.01"]

1. e4 e6 2. d3 d5 3. Nd2 c5 4. Ngf3 Nc6 5. g3 Nf6 6. Bg2 Be7 7. O-O O-O 8. e5
Nd7 9. Re1 b6 10. Nf1 Bb7 11. h4 Re8 12. N1h2 Nf8 13. Ng5 h6 14. Nh3 Ng6 15.
Qh5 Nd4 16. Ng4 Nf5 17. Bf3 Nh8 18. Kg2 Kf8 19. Nxh6 gxh6 20. Rh1 Ng6 21. Bxh6+
Nxh6 22. Qxh6+ Kg8 23. Rae1 Bxh4 24. Reg1 Be7 25. Nf4 Bf6 26. Nxg6 fxg6 27.
Qh7+ Kf8 28. exf6 Qxf6 29. Qxb7 Qxb2 30. Rh7 1-0

[Event "26. Copenhagen Open  (Politiken Cup)"]
[Site "Taastrup"]
[Date "2004.07.25"]
[Round "2"]
[White "Larsen, Karsten"]
[Black "Pedersen, Audun"]
[Result "1-0"]
[WhiteElo "2302"]
[BlackElo "2034"]
[PlyCount "81"]
[EventDate "2004.07.24"]
[EventType "swiss"]
[EventRounds "10"]
[EventCountry "DEN"]
[SourceDate "2004.01.01"]

1. g3 d5 2. Bg2 Nf6 3. d3 Bf5 4. f4 Qc8 5. h3 h5 6. Nf3 c5 7. Be3 g6 8. Nbd2
Bg7 9. Bf2 Nbd7 10. Nh4 e5 11. e4 dxe4 12. dxe4 Be6 13. f5 gxf5 14. Nxf5 Bf8
15. O-O Qc7 16. Qe2 O-O-O 17. Nc4 Nb6 18. Nxb6+ Qxb6 19. c3 Qc7 20. Be3 Rg8 21.
Kh2 Be7 22. Qf2 Bxf5 23. Qxf5+ Kb8 24. Rad1 Rg6 25. Rxd8+ Qxd8 26. Qf3 Qh8 27.
Qf5 Qd8 28. Qf2 Qd3 29. Qd2 Qa6 30. Rf5 Qe6 31. b3 Rg8 32. Qf2 Rg6 33. Bxc5
Bxc5 34. Qxc5 Nd7 35. Qf2 Nf6 36. Qc5 Nd7 37. Qd5 Qxd5 38. exd5 f6 39. Rxh5 Kc7
40. Rh7 Kd6 41. Be4 1-0

[Event "26. Copenhagen Open  (Politiken Cup)"]
[Site "Taastrup"]
[Date "2004.07.25"]
[Round "2"]
[White "Larsen, Knud"]
[Black "Trarup, Jorgen"]
[Result "0-1"]
[WhiteElo "1965"]
[BlackElo "1378"]
[PlyCount "62"]
[EventDate "2004.07.24"]
[EventType "swiss"]
[EventRounds "10"]
[EventCountry "DEN"]
[SourceDate "2004.01.01"]

1. e4 c5 2. d3 Nc6 3. Be3 d6 4. Qd2 Qb6 5. c3 e5 6. Na3 Be6 7. g3 a6 8. Bg2 Rd8
9. c4 Qb4 10. Ne2 Qxd2+ 11. Kxd2 g6 12. Raf1 Bg7 13. Nb1 Nge7 14. Nbc3 O-O 15.
f4 f5 16. Bh3 Nd4 17. Bxd4 cxd4 18. Nd5 Nxd5 19. cxd5 Bd7 20. Rf2 exf4 21. gxf4
fxe4 22. Be6+ Bxe6 23. dxe6 e3+ 24. Kd1 Rde8 25. Rf3 Rxe6 26. h4 Re7 27. h5
gxh5 28. Rxh5 Rf6 29. Nxd4 Rg6 30. Nf5 e2+ 31. Kc2 e1=Q 0-1

[Event "26. Copenhagen Open  (Politiken Cup)"]
[Site "Taastrup"]
[Date "2004.07.25"]
[Round "2"]
[White "Laursen, Steen"]
[Black "Danielsen, Dag"]
[Result "0-1"]
[WhiteElo "1302"]
[BlackElo "1905"]
[PlyCount "56"]
[EventDate "2004.07.24"]
[EventType "swiss"]
[EventRounds "10"]
[EventCountry "DEN"]
[SourceDate "2004.01.01"]

1. c4 c5 2. Nc3 Nc6 3. Nf3 Nf6 4. d4 cxd4 5. Nxd4 g6 6. e3 Bg7 7. Be2 O-O 8.
O-O d5 9. Ndb5 a6 10. Na3 dxc4 11. Nxc4 Bf5 12. a3 Qc7 13. Qb3 b5 14. Nd2 Rac8
15. Nd5 Qd6 16. Nxf6+ Bxf6 17. Bf3 Ne5 18. Be4 Be6 19. Qb4 Qb8 20. Bb1 Rfd8 21.
Qf4 Rxc1 22. Rxc1 Rxd2 23. Qb4 Rxb2 24. Qe1 Ng4 25. Be4 Nxf2 26. Rc6 Qa7 27.
Bf3 Nd3 28. Qa5 Qxe3+ 0-1

[Event "26. Copenhagen Open  (Politiken Cup)"]
[Site "Taastrup"]
[Date "2004.07.25"]
[Round "2"]
[White "Lavrsen, Frands Winther"]
[Black "Zyde, Furat"]
[Result "1-0"]
[WhiteElo "1772"]
[BlackElo "1069"]
[PlyCount "74"]
[EventDate "2004.07.24"]
[EventType "swiss"]
[EventRounds "10"]
[EventCountry "DEN"]
[SourceDate "2004.01.01"]

1. f4 Nc6 2. Nf3 d5 3. e3 Bg4 4. Bb5 Qd7 5. O-O O-O-O 6. Qe1 Qd6 7. b3 a6 8.
Be2 Qg6 9. d3 Qf6 10. Nc3 e6 11. Bb2 Qg6 12. Qg3 Nge7 13. Nh4 Qf6 14. Bxg4 h5
15. Be2 Nf5 16. Nxf5 exf5 17. a3 Bc5 18. Na4 Qe7 19. Nxc5 Qxc5 20. c4 f6 21. d4
Qe7 22. Bd3 Qe6 23. Rac1 Rdg8 24. cxd5 Qf7 25. dxc6 Qxb3 26. Bxf5+ Kb8 27. Rb1
g5 28. Ba1 Qd5 29. Rxb7+ Ka8 30. e4 Qxc6 31. Rb4 Qc2 32. Qc3 Qxc3 33. Bxc3 gxf4
34. Rxf4 Rg7 35. e5 Rhg8 36. Be4+ Ka7 37. Rb7+ Ka8 1-0